HCHS Toni Morrison Novels by Synopsis Quiz Stats

 Plays Quiz not verified by Sporcle

Challenge
Share
Tweet
Embed
Score 0/10 Timer 10:00
0 Plays Today
Synopsis Novel % Correct
Sethe escapes from slavery in KY to OH but when a posse comes to return her, she kills her daughter/years later a woman presumed to be the dead daughter comes to haunt herBeloved
94.9%
Author's first novel. Narrated from the viewpoint of Claudia MacTeer who deals with the black Pecola who develops an inferiority complex and wants to be white with blue eyesThe Bluest Eye
86.4%
2nd book in trilogy/set in 1920's Harlem/Joe Trace murders lover Dorcas & his wife Violet stabs her with knife at her funeral/Golden Gray, Alice Manfred, FeliceJazz
74.6%
3rd in trilogy/author wanted to call it 'War'/famous first line 'They shoot the white girl first'/set in Ruby, OK all black town founded in 1950Paradise
74.6%
'Milkman' Dead III/nicknamed b/c of breastfeeding/Ruth (mother) & Macon (father) have bad relationship/friend Guitar tries to kill him/sisters Pilate, First Corinthians, & LenaSong of Solomon
74.6%
Set in the Bottom (mostly black neighborhood in OH)/title character is friends w/Nel as children but has affair w/her husband Jude later/Shadrak celebrates Nat'l Suicide DaySula
71.2%
Jadine is beautiful Black American Sorbonne grad cared for by Streets (wealthy white fam)/Son is poor Black Amer. who meets Jadine in Caribbean/love affair, come to US & struggleTar Baby
66.1%
Tells of several women including Christine (granddaughter) & Heed (widow) & their relationship to dead hotel owner Bill Cosey/Junior is medium who connects Cosey to the livingLove
59.3%
Frank Money (24 yr old African-American Korean War vet)/experiences 1 yr after discharge from integrated Army to segregated homelandHome
55.9%
Jacob Vaark & wife Rebekka live on farm in NY/own slave girl Florens/Native American Lina/Rebekka came from Europe to marry Jacob w/out meeting him/their children die/set in 1692A Mercy
50.8%

You're not logged in!

Compare scores with friends on all Sporcle quizzes.
Join for Free
OR
Log In

You Might Also Like...

Show Comments

Extras

Created Nov 11, 2014ReportNominate
Tags:Novel Quiz, morrison, published, toni

Top Quizzes Today


Score Distribution

Your Account Isn't Verified!

In order to create a playlist on Sporcle, you need to verify the email address you used during registration. Go to your Sporcle Settings to finish the process.

Report this User

Report this user for behavior that violates our Community Guidelines.

Details: